Countries Ending in 'Y' Quiz Stats

 Plays Quiz Updated Sep 21, 2018

Also try: 'I'-Less Countries
Challenge
Share
Tweet
Embed
Score 0/8 Timer 02:00
7 Plays Today
% Correct
Paraguay
74.5%
Uruguay
73.6%
Italy
72.2%
Germany
72%
Norway
60.7%
Turkey
58.8%
Hungary
57.2%
Vatican City
31.3%

You're not logged in!

Compare scores with friends on all Sporcle quizzes.
OR
Log In

You Might Also Like...

Show Comments

Extras

Top Quizzes Today


Score Distribution

Your Account Isn't Verified!

In order to create a playlist on Sporcle, you need to verify the email address you used during registration. Go to your Sporcle Settings to finish the process.

Report this User

Report this user for behavior that violates our Community Guidelines.

Details: